Závery celoslovenskej konferencie VPN

Bibliographic Details
Format: Article
Language:Slovak
Subjects:

MARC

LEADER 00000nab a2200000 a 4500
001 vtls000418195
003 SK-MaSNL
005 20260303202621.0
008 120925c1991 xo 0 slo
015 |a SNBRB19rr/mm-uuuuu 
035 |a CL0418320 
040 |a SNKBUCL  |b slo  |c SNKBUCL  |e AACR2 
041 0 |a slo 
044 |a xo  |c SK 
080 |a 329.7(437.6)VPN  |2 1981 
245 0 0 |a Závery celoslovenskej konferencie VPN 
610 2 7 |a Verejnosť proti násiliu (politické hnutie)  |2 snkbucl  |9 236133 
651 7 |a 5304  |2 snkbucl  |9 277630 
655 7 |a články z novín a časopisov  |2 snkbucl  |9 267496 
773 0 |t Verejnosť  |g Roč. 2, č. 146 (24. 6. 1991), s. 2 
850 |a Slovenská národná knižnica v Martine  |a MTA001 
852 |a SNK  |b KIS3GCP 
958 |a RK 
992 |a RBX 
999 |c 2180721  |d 2182651